书目信息 |
| 题名: |
迁西县志
|
|
| 作者: | 迁西县地方志编纂委员会 编 | |
| 分册: | ||
| 出版信息: | 北京 中国科学技术出版社 1991 |
|
| 页数: | 814页 | |
| 开本: | 26cm | |
| 丛书名: | ||
| 单 册: | ||
| 中图分类: | D619.224 | |
| 科图分类: | ||
| 主题词: | 政治--中国 | |
| 电子资源: | ||
| ISBN: | 7-5046-0697-9 | |
| 000 | 00635nam0 2200193 450 | |
| 001 | 0734811611 | |
| 005 | 20070924094155.46 | |
| 010 | @a7-5046-0697-9@dCNY70.00 | |
| 100 | @a20070924d1991 km y0chiy0120 ea | |
| 101 | 0 | @achi |
| 102 | @aCN@b110000 | |
| 200 | 1 | @a迁西县志@Aqian xi xian zhi@f迁西县地方志编纂委员会编@Fqian xi xian di fang zhi bian zuan wei yuan hui bian |
| 210 | @a北京@c中国科学技术出版社@d1991 | |
| 215 | @a814页@d26cm | |
| 606 | 0 | @a政治@x中国 |
| 690 | @aD619.224@v3 | |
| 701 | 0 | @a迁西县地方志编纂委员会@Aqian xi xian di fang zhi bian zuan wei yuan hui@4编 |
| 801 | 0 | @aCN@bPFT@c20070924 |
| 905 | @a10447@dD619.224@e130 | |
| 迁西县志/迁西县地方志编纂委员会编.-北京:中国科学技术出版社,1991 |
| 814页;26cm |
| ISBN 7-5046-0697-9:CNY70.00 |
| ● |
| 相关链接 |
|
|
|
|
正题名:迁西县志
索取号:D619.224/130
 
预约/预借
| 序号 | 登录号 | 条形码 | 馆藏地/架位号 | 状态 | 备注 |
| 1 | 0625958 | 206259582 | 第一样本阅览室/ [索取号:D619.224/130] | 在馆 |